00382nam a2200121Ia 4500003000400000005001700004008004100021040001800062041000800080100004600088245009100134260003500225OSt20260119124624.0211028s2013 xx 000 0 und d cAIMIT LIBRARY aeng aRaghavendra, K V;Wright, Rowena.g1116127 aStudy on compartmentalization and effective space utilization at big bazar Mangalore / aMangalorebRowena Wrightc2013